• 首页
  • 本馆介绍
  • 公告通知
  • 最新文献
  • 馆藏检索
  • 电子资源
  • 读者导购
  • 参考咨询
  • 我的图书馆
  • 登录
  • 详细信息显示
  • 放入我的书架
  • 预约/预借图书
  • 作者相关作品
  • 分类相关作品
  • 丛书相关作品
  • 出版社相关作品

书目信息

  • 表格格式
  • 工作单格式
  • 卡片格式
题名:
我国现代图书馆管理理论与实践研究
    
 
作者: 钱静雅 , 秦丽英 , 刘桂英 著
分册:  
出版信息: 北京   中国水利水电出版社  2022.09
页数: 219页
开本: 24cm
丛书名:
单 册:
中图分类: G259.2
科图分类:
主题词: 图书馆管理--tu shu guan guan li--研究--中国
电子资源:
ISBN: 978-7-5170-5466-5
000 01247nam0 2200289 450
001 012001000769
005 20141202080834.0
010    @a978-7-5170-5466-5@dCNY58.00
099    @aCAL 012017136240
100    @a20220905d2017 em y0chiy50 ea
101 0  @achi
102    @aCN@b110000
105    @ay a 000yy
106    @ar
200 1  @a我国现代图书馆管理理论与实践研究@Awo guo xian dai tu shu guan guan li li lun yu shi jian yan jiu@f钱静雅, 秦丽英, 刘桂英著
210    @a北京@c中国水利水电出版社@d2022.09
215    @a219页@d24cm
320    @a有书目 (第218-219页)
330    @a本书从图书馆文化的解读入手,在图书馆管理的基础上对现代图书馆管理体系的几个方面进行了研究,分析了图书馆管理体系中存在的一些问题,对图书馆管理体系的建设提出了一些新的看法和观点。本书从图书馆文化、现代图书馆管理现状与问题、现代图书馆管理体系的建设、图书馆行政管理体系研究、图书馆服务管理、图书馆危机管理、现代数字图书馆管理体系7个方面进行了阐述。
333    @a图书馆工作人员及相关读者。
606 0  @a图书馆管理@Atu shu guan guan li@x研究@y中国
690    @aG259.2@v5
701  0 @a钱静雅@Aqian jing ya@4著
701  0 @a秦丽英@Aqin li ying@4著
701  0 @a刘桂英@Aliu gui ying@4著
801  0 @aCN@bAHXH@c20221111
905    @b1369946-8@dG259.2@e46@f3
    
    我国现代图书馆管理理论与实践研究/钱静雅, 秦丽英, 刘桂英著.-北京:中国水利水电出版社,2022.09
    219页;24cm
    使用对象:图书馆工作人员及相关读者。
    
    ISBN 978-7-5170-5466-5:CNY58.00
    本书从图书馆文化的解读入手,在图书馆管理的基础上对现代图书馆管理体系的几个方面进行了研究,分析了图书馆管理体系中存在的一些问题,对图书馆管理体系的建设提出了一些新的看法和观点。本书从图书馆文化、现代图书馆管理现状与问题、现代图书馆管理体系的建设、图书馆行政管理体系研究、图书馆服务管理、图书馆危机管理、现代数字图书馆管理体系7个方面进行了阐述。
●
相关链接 在E读中查询图书 在五车中查询图书 在当当中查询图书 在豆瓣中查询图书


正题名:我国现代图书馆管理理论与实践研究     索取号:G259.2/46         预约/预借

序号 登录号 条形码 馆藏地/架位号 状态 备注
1 1369946   213699461   第一样本阅览室/ [索取号:G259.2/46] 在馆    
2 1369947   213699470   第四借阅区/ [索取号:G259.2/46] 在馆    
3 1369948   213699489   第四借阅区/ [索取号:G259.2/46] 在馆    
唐山师范学院图书馆 欢迎您!
大连网信软件有限公司© 版权所有